The Ethics of Psychoanalysis, 1959-1960 : (Record no. 587039)

MARC details
000 -LEADER
fixed length control field 00463nam a2200181 a 4500
008 - FIXED-LENGTH DATA ELEMENTS--GENERAL INFORMATION
fixed length control field 250914s2008##################000#0#eng##
020 ## - INTERNATIONAL STANDARD BOOK NUMBER
ISBN 9780415423618
082 04 - DEWEY DECIMAL CLASSIFICATION NUMBER
Classification number 150.195
Item number JAC
100 1# - MAIN ENTRY--AUTHOR NAME
Personal name Lacan, Jacques,
245 10 - TITLE STATEMENT
Title The Ethics of Psychoanalysis, 1959-1960 :
260 ## - PUBLICATION, DISTRIBUTION, ETC. (IMPRINT)
Year of publication 2008.
650 #0 - SUBJECT ADDED ENTRY--TOPICAL TERM
Topical Term Ethics.
942 ## - ADDED ENTRY ELEMENTS (KOHA)
Koha item type English Books
Holdings
Withdrawn status Lost status Damaged status Not for loan Home library Current library Shelving location Date acquired Full call number Accession Number Price effective from Koha item type
        Anna Centenary Library Anna Centenary Library 3RD FLOOR, A WING 15.09.2025 150.195 JAC 148175 15.09.2025 English Books

Find us on the map